000 00351nam a2200145Ia 4500
003 OSt
008 191201s1993 xx 000 0 und d
082 _a621.34
_bEDT
100 _aEDMINISTER, Joseph A.
245 0 _aTheory and Problems of Electromagnetics
260 _aNew Delhi
_bTMH
_c1993
300 _a322
650 _aB.Tech(ECE)
942 _2ddc
_cBK
999 _c413
_d413